Školský manažment v systéme pedagogických vied
Význam a definícia pojmu manažment. Manažment a riadenie v rezorte školstva. Teória riadenia škôl. Školský manažment a jeho predmet skúmania, pojmový aparát a výskumné metódy.
Gespeichert in:
| 1. Verfasser: | |
|---|---|
| Format: | Buchkapitel |
| Sprache: | Slowakisch |
| Schlagworte: | |
| Tags: |
Keine Tags, Fügen Sie das erste Tag hinzu!
|
MARC
| LEADER | 00000naa$a2200000$$$4500 | ||
|---|---|---|---|
| 001 | 0053469 | ||
| 005 | 20231010123949.5 | ||
| 041 | 0 | |a slo | |
| 044 | |a SK | ||
| 245 | 1 | 0 | |a Školský manažment v systéme pedagogických vied |c Kinga Horváthová |
| 520 | |a Význam a definícia pojmu manažment. Manažment a riadenie v rezorte školstva. Teória riadenia škôl. Školský manažment a jeho predmet skúmania, pojmový aparát a výskumné metódy. | ||
| 610 | 2 | 0 | |a manažment |
| 610 | 2 | 0 | |a vedenie ľudí |
| 610 | 2 | 0 | |a optimalizácia |
| 610 | 2 | 0 | |a manažéri |
| 610 | 2 | 0 | |a pedagogika |
| 100 | 1 | |a Horváthová, Kinga | |